000 00532nam a2200169 i 4500
001 49412
003 ES-MaACL
005 20230906161941.0
007 t|
008 030715s1967 sp ||||1| spa d
100 1 _aCorvez, Maurice.
_940964
245 1 0 _aDe la ciencia a la fé
_b: Teilhard de Chardin /
_cMaurice Corvez ; [versión española por José Antonio Aspuru].
260 _aBilbao :
_bMensajero,
_c1967.
300 _a152 p. ;
_c19 cm.
700 1 _aAspuru, José Antonio.
_923640
852 _aES-MaACL
_jC-33314
_bR.63119
999 _c49412
_d49412